000 00726nam a2200241 a 4500
008
020 _a0748795944 (pbk.)
049 _aMAIN
090 _aLB1729
_bPET
100 1 _aPetty, Geoff.
245 1 0 _aEvidence based teaching :
_ba practical approach /
_cGeoff Petty ; illustrated by Liz Singh.
260 _aCheltenham :
_bNelson Thornes,
_c2006.
300 _ax, 382 p. :
_bill. ;
_c24 cm.
504 _aIncludes bibliographical references.
500 _aIncludes index.
650 1 _aTraining of teachers.
700 _aSingh, Liz.
907 _a.b10258322
_b23-10-14
_c25-11-08
003
005 20230123122109.0
040 _cNUST
942 _cBOOKS
_kLB1729
_mPET
999 _c127751
_d127751